| Tag |
First Indicator |
Second Indicator |
Subfields |
| LEADER |
00000cam a2200000 4500 |
| 001 |
in00000097818 |
| 005 |
20150925115109.0 |
| 008 |
800402s1963 ilua b s00000 eng d |
| 010 |
|
|
|a 64063502
|
| 035 |
|
|
|a (OCoLC)06159272
|
| 035 |
|
|
|9 AAL3013AM
|
| 040 |
|
|
|a TXA
|c TXA
|d UtOrBLW
|
| 049 |
|
|
|a TXAM
|c [1022422]
|
| 090 |
|
|
|a TA7
|b .I623 no. 7
|
| 100 |
1 |
|
|a Heikoff, Joseph Meyer,
|d 1917-
|
| 245 |
1 |
0 |
|a Urban highway planning liaison.
|
| 264 |
|
1 |
|a [Urbana],
|b [publisher not identified] ;
|c [1963]
|
| 264 |
|
4 |
|c [©1963]
|
| 300 |
|
|
|a 42 pages :
|b diagrams
|
| 336 |
|
|
|a text
|b txt
|2 rdacontent
|
| 337 |
|
|
|a unmediated
|b n
|2 rdamedia
|
| 338 |
|
|
|a volume
|b nc
|2 rdacarrier
|
| 490 |
1 |
|
|a University of Illinois. Engineering Experiment Station. Technical bulletin no. 7
|
| 490 |
0 |
|
|a University of Illinois bulletin, v. 61, no. 8
|
| 504 |
|
|
|a Bibliography: pages 40-42.
|
| 650 |
|
0 |
|a Traffic engineering.
|
| 650 |
|
0 |
|a Roads
|x Economic aspects.
|
| 810 |
1 |
|
|a Illinois.
|b University.
|b Engineering Experiment Station.
|t Technical report (1962- ) ;
|v no. 7.
|
| 999 |
|
|
|a MARS
|
| 999 |
f |
f |
|s 96dbd94d-afd9-37df-b5ce-776a98492c4f
|i bc563b4a-1049-31ae-bd76-027c25358459
|t 0
|
| 952 |
f |
f |
|p ric
|a Texas A&M University
|b Rellis Campus
|c Joint Library Facility
|d Remote Storage
|t 0
|e TA7 .I623 no. 7
|h Library of Congress classification
|i unmediated -- volume
|m A14805285018
|
| 998 |
f |
f |
|a TA7 .I623 no. 7
|t 0
|l Remote Storage
|